[Event "44th National A ch-IND"]
[Site "Atul IND"]
[Date "2006.12.26"]
[Round "10"]
[White "Karavade,E"]
[Black "Kamble,V"]
[Result "1/2-1/2"]
[WhiteElo "2321"]
[BlackElo "2346"]

1.d4 Nf6 2.c4 g6 3.Nc3 Bg7 4.e4 d6 5.Nf3 O-O 6.Be2 Na6 7.O-O e5 8.Be3 Ng4
9.Bg5 Qe8 10.dxe5 h6 11.Bd2 dxe5 12.h3 Nf6 13.Be3 Qe7 14.Nd5 Qd8 15.Nxf6+ Qxf6
16.c5 Nb8 17.Bc4 Nc6 18.Qe2 g5 19.Nh2 Qg6 20.f3 Rd8 21.Rfd1 Be6 22.Bd3 a5
23.Nf1 Bf8 24.Ng3 Nb4 25.b3 h5 26.Bc4 h4 27.Bxe6 fxe6 28.Nh1 Be7 29.Nf2 Qe8
30.Ng4 Kg7 31.Qc4 Bf6 32.a3 Nc6 33.Kf2 Rxd1 34.Rxd1 Rd8 35.Rxd8 Nxd8 36.Bd2 Nc6
37.Bc3 Qd7 38.Ke2 Kg6 39.Qd3 Nd4+ 40.Kf2 a4 41.b4 Bg7 42.Ke3 Qf7 43.Kf2 Qd7
44.Bxd4 Qxd4+ 45.Qxd4 exd4 46.Ke2 b5 47.cxb6 cxb6 48.Kd3 b5 49.e5 Kf5 50.Kxd4 Kf4
51.Nf6 Bf8 52.Ne4 Be7 53.Kd3 Bf8 54.Ke2 Bg7 55.Nc3 Bxe5 56.Nxb5 Kg3 57.Kf1 Bb2
58.Kg1 e5 59.Kf1 Kh2 60.Kf2 Kh1 61.Kf1 Kh2 62.Kf2  1/2-1/2

[Event "15th Donau Open"]
[Site "Aschach an der Donau AUT"]
[Date "2006.12.27"]
[Round "3"]
[White "Balinov,I"]
[Black "Neuman,P"]
[Result "1/2-1/2"]
[WhiteElo "2455"]
[BlackElo "2414"]

1.d4 Nf6 2.c4 g6 3.Nc3 Bg7 4.e4 d6 5.Nf3 O-O 6.Be2 e5 7.Be3 Na6 8.d5 Ng4
9.Bg5 f6 10.Bh4 h5 11.h3 Nh6 12.Nd2 Nf7 13.g4 hxg4 14.Bxg4 Bh6 15.Bxc8 Rxc8
16.Qg4 Kh7 17.Rg1 Nh8 18.O-O-O Nc5 19.Kb1 Qd7 20.Nb3 Qxg4 21.hxg4 Nxb3 22.axb3 Kg7
23.Kc2 Nf7 24.Kd3 Bg5 25.Bg3 Rh8 26.Ke2 Bh4 27.Rh1  1/2-1/2

[Event "1st Hotel Bern Open"]
[Site "Bern SUI"]
[Date "2006.12.27"]
[Round "2"]
[White "Myers,G"]
[Black "Cebalo,M"]
[Result "0-1"]
[WhiteElo "2081"]
[BlackElo "2489"]

1.Nf3 Nf6 2.c4 g6 3.Nc3 Bg7 4.e4 d6 5.d4 O-O 6.Be2 e5 7.Be3 Ng4 8.Bg5 f6
9.Bc1 Nh6 10.dxe5 dxe5 11.Qxd8 Rxd8 12.Nd5 Na6 13.Bxh6 Bxh6 14.Nxf6+ Kg7
15.Nd5 c6 16.Nc3 Kf6 17.O-O Bg4 18.Rad1 Nb4 19.a3 Nc2 20.Rxd8 Rxd8 21.Rd1 Rxd1+
22.Bxd1 Bxf3 23.Bxc2 Bg4 24.c5 Bc1 25.Na4 Be2 26.Nc3 Ba6 27.Nd1 h5 28.h4 g5
29.hxg5+ Kxg5 30.g3 Kg4 31.Kg2 Be2 32.Ne3+ Kg5 33.Nd1 h4 34.Nc3 Bg4 35.Nd1 hxg3
36.fxg3 Bxd1 37.Bxd1 Bxb2 38.a4 Bd4 39.Kf3 Bxc5 40.Be2 Ba3 41.Bc4 Kf6 42.Ke3 a6
43.Kd3 b5 44.axb5 axb5 45.Bg8 Ke7 46.Kc3 Kd6 47.g4 Bc1 48.Bf7 Kc5 49.Bg8 Kb6
50.Kb3 c5 51.Be6 c4+ 52.Kc3 Kc5 53.Kc2 Be3  0-1

[Event "1st Hotel Bern Open"]
[Site "Bern SUI"]
[Date "2006.12.27"]
[Round "2"]
[White "Gonda,L"]
[Black "Kupper,Z"]
[Result "1-0"]
[WhiteElo "2495"]
[BlackElo "2101"]

1.d4 Nf6 2.c4 g6 3.Nc3 Bg7 4.e4 d6 5.Nf3 O-O 6.Be2 e5 7.O-O Na6 8.Re1 c6
9.Bf1 exd4 10.Nxd4 Ng4 11.h3 Qb6 12.hxg4 Qxd4 13.g5 Qxd1 14.Rxd1 Nc5 15.f3 Be5
16.Ne2 a5 17.Rb1 b6 18.Bf4 Bb7 19.Rd2 Rfe8 20.b3 Kf8 21.Rbd1 Rad8 22.Kf2 Bxf4
23.Nxf4 Ne6 24.Nh3 Ke7 25.Be2 h6 26.gxh6 Rh8 27.f4 c5 28.Bf3 Nd4 29.Ng1 Rxh6
30.Ne2 Nxf3 31.gxf3 f6 32.Nc3 Ke6 33.Ke3 Bc6 34.Rg1 Rg8 35.a4 Ke7 36.Rgd1 Rd8
37.Rg1 Rg8 38.Nd1 Rd8 39.Nf2 Bd7 40.Rgd1 Bc6 41.Ng4 Rh3 42.Nxf6 Bb7 43.Ng4 Bc8
44.Ne5 dxe5 45.Rxd8 Bg4 46.R1d3 Rxf3+ 47.Kd2 Rxd3+ 48.Rxd3 exf4 49.e5 Bf5
50.Rd6 g5 51.Rxb6 Be4 52.Rf6 Bb1 53.Rh6 g4 54.Rf6 g3 55.Rxf4 g2 56.Rg4 Be4
57.Ke3 Bc2 58.Rxg2 Bxb3 59.Kd3 Bxa4 60.Ra2 Bc6 61.Rxa5  1-0

[Event "27th Open A"]
[Site "Bethune FRA"]
[Date "2006.12.27"]
[Round "4"]
[White "L'Ami,E"]
[Black "Gladyszev,O"]
[Result "1/2-1/2"]
[WhiteElo "2593"]
[BlackElo "2463"]

1.d4 Nf6 2.c4 g6 3.Nc3 Bg7 4.e4 d6 5.Nf3 O-O 6.Be2 e5 7.dxe5 dxe5 8.Qxd8 Rxd8
9.Bg5 Rf8 10.Nd5 Nxd5 11.cxd5 c6 12.Bc4 b5 13.Bb3 Bb7 14.Rc1 a5 15.a3 a4
16.Ba2 Rc8 17.Be7 Bh6 18.Ng5 c5 19.h4 Nd7 20.Rc3 Bf8 21.Bxf8 Rxf8 22.Bb1 h6
23.Nf3 f5 24.exf5 gxf5 25.h5 e4 26.Nh4 Bxd5 27.O-O c4 28.Rg3+ Kh7 29.Rd1 Be6
30.f3 Nc5 31.fxe4 Rad8 32.Re1 f4 33.Rg6 Bf7 34.Rb6 Nd3 35.e5 Kg8 36.Bxd3 cxd3
37.Rd1 Bxh5 38.Nf3 Bxf3 39.gxf3 Rd5 40.Rxh6 Re8 41.Rh5 Kg7 42.Rf5 Kg6 43.Rxf4 Rexe5
44.Rd2 Kg5 45.Rg4+ Kf5 46.Kf2 Re7 47.Rh4 Kf6 48.Rf4+ Kg5 49.Re4 Red7 50.Ke3 Kf5
51.Rf4+ Ke6 52.Rh4 Kf6 53.Rh6+ Kg7 54.Re6 Kf7 55.Re4 Kf6 56.Rf4+ Ke6 57.Rb4 Kf6
58.Re4 Rd8 59.Kf2 Kf5 60.Ke3  1/2-1/2

[Event "Harmonie"]
[Site "Groningen NED"]
[Date "2006.12.27"]
[Round "4"]
[White "Van Beek,Al"]
[Black "Pruijssers,R"]
[Result "0-1"]
[WhiteElo "2379"]
[BlackElo "2339"]

1.d4 Nf6 2.c4 g6 3.Nc3 Bg7 4.e4 d6 5.Nf3 O-O 6.Be2 e5 7.O-O Na6 8.Be3 Ng4
9.Bg5 Qe8 10.dxe5 dxe5 11.h3 h6 12.Bd2 Nf6 13.Be3 Qe7 14.Qc1 Kh7 15.Nd5 Qd8
16.Nxf6+ Qxf6 17.c5 Nb4 18.Rd1 Nc6 19.a3 Rd8 20.Rxd8 Qxd8 21.Bc4 Qe7 22.Qc2 Nd4
23.Bxd4 exd4 24.Qd3 Qxc5 25.Bxf7 Qe7 26.Qc4 c5 27.Bg8+ Kh8 28.Bd5 Bd7 29.a4 Rf8
30.Qd3 Qe8 31.b3 b5 32.axb5 Bxb5 33.Qd2 Qe7 34.e5 Rd8 35.Be4 Qe6 36.Rxa7 Qxb3
37.Nh4 Be8 38.Bxg6 Qe6 39.Bf5 Qxe5 40.Bb1 c4 41.Nf5 c3 42.Qd3 Bg6 43.g4 Bxf5
44.gxf5 Bf6 45.Kf1 Re8 46.Ba2 Qh2 47.Bd5 Bh4 48.Bg2 Qf4 49.Bf3 c2 50.Rh7+ Kxh7
51.f6+ Kh8  0-1

[Event "16th North American Open"]
[Site "Las Vegas USA"]
[Date "2006.12.27"]
[Round "3"]
[White "Gurevich,D"]
[Black "Liu,E"]
[Result "1-0"]
[WhiteElo "2510"]
[BlackElo "2196"]

1.d4 Nf6 2.c4 g6 3.Nc3 Bg7 4.e4 d6 5.Nf3 O-O 6.Be2 e5 7.O-O Na6 8.Re1 c6
9.Bf1 exd4 10.Nxd4 Ng4 11.h3 Qb6 12.hxg4 Qxd4 13.g5 Qe5 14.Be3 Nc5 15.f3 f6
16.gxf6 Bxf6 17.Qd2 Bh4 18.Bf2 Bxf2+ 19.Qxf2 Ne6 20.Rad1 Ng5 21.Re3 Be6 22.b3 Rf6
23.Nd5 cxd5 24.exd5 Nxf3+ 25.Qxf3 Qg5 26.Qg3 Qxg3 27.Rxg3 Bd7 28.b4 Rf4 29.Re3 Re8
30.Rxe8+ Bxe8 31.Re1 Kf7 32.Re6 Bd7 33.Re3 Kf6 34.b5 a5 35.bxa6 bxa6 36.Rb3 Ke5
37.Rb7 Bf5 38.Rxh7 Kd4 39.Ra7 Bc8 40.Ra8  1-0

[Event "Masters"]
[Site "Singapore SIN"]
[Date "2006.12.27"]
[Round "4"]
[White "Wu Shaobin"]
[Black "Chiong,L"]
[Result "1-0"]
[WhiteElo "2475"]
[BlackElo "2364"]

1.d4 Nf6 2.c4 g6 3.Nc3 Bg7 4.e4 d6 5.Nf3 O-O 6.Be2 e5 7.Be3 Nbd7 8.O-O Re8
9.d5 Ng4 10.Bg5 f6 11.Bh4 Nh6 12.Nd2 Nf7 13.f3 Bh6 14.Qc2 a5 15.b3 Rf8 16.a3 Bg5
17.Bf2 f5 18.b4 Nf6 19.c5 Nh5 20.Nc4 axb4 21.axb4 Rxa1 22.Rxa1 fxe4 23.fxe4 Nf4
24.Bf1 Bh6 25.cxd6 cxd6 26.Nb5 Qg5 27.Kh1 Qf6 28.Nb6 Bg4 29.Bg1 Nh5 30.Be2 Qh4
31.Ra3 Ng5 32.Bxg4 Qxg4 33.Nxd6 Qh4 34.Qe2 Rf6 35.Nbc8 Bf8 36.Ne8 Ra6 37.Bf2 Qf4
38.Rxa6 bxa6 39.Ncd6 Qc1+ 40.Bg1 Qc3 41.Nc4 Qxb4 42.d6 Qb5 43.Nc7 Qc6 44.Qa2 Kg7
45.Nxe5 Qxe4 46.d7 Be7 47.Ne6+ Nxe6 48.Qxe6 Qh4 49.Qf7+ Kh6 50.Be3+  1-0

[Event "Harmonie"]
[Site "Groningen NED"]
[Date "2006.12.28"]
[Round "6"]
[White "Ernst,S"]
[Black "Pruijssers,R"]
[Result "1-0"]
[WhiteElo "2512"]
[BlackElo "2339"]

1.c4 Nf6 2.Nc3 g6 3.e4 d6 4.d4 Bg7 5.Nf3 O-O 6.Be2 e5 7.O-O Na6 8.Be3 Ng4
9.Bg5 Qe8 10.h3 h6 11.Bh4 exd4 12.Nd5 g5 13.hxg4 gxh4 14.Nxd4 Qxe4 15.Nf5 Bxf5
16.gxf5 c6 17.Bd3 Qd4 18.f6 Bxf6 19.Qg4+  1-0

[Event "16th North American Open"]
[Site "Las Vegas USA"]
[Date "2006.12.28"]
[Round "5"]
[White "Izoria,Z"]
[Black "Fiedler,Br"]
[Result "1-0"]
[WhiteElo "2657"]
[BlackElo "2226"]

1.d4 Nf6 2.c4 g6 3.Nc3 Bg7 4.e4 d6 5.Nf3 O-O 6.Be2 Nbd7 7.O-O e5 8.Re1 c6
9.Bf1 Qb6 10.d5 c5 11.a3 h6 12.b4 Qd8 13.g3 Ne8 14.Nh4 Kh7 15.Bd3 b6 16.Rb1 Ndf6
17.Bd2 Ng8 18.Rb3 Bf6 19.Ng2 h5 20.bxc5 bxc5 21.Qb1 Qc7 22.Qb2 h4 23.Rb1 Nh6
24.Qc1 Ng8 25.gxh4 Bh3 26.Bg5 Qc8 27.Ne2 Ng7 28.Ng3 Bxg5 29.hxg5 f5 30.exf5 gxf5
31.f4 Bxg2 32.Kxg2 e4 33.Rb7 Kg6 34.Be2 Rf7 35.Rxf7 Kxf7 36.h4 Rb8 37.h5  1-0

[Event "Masters"]
[Site "Singapore SIN"]
[Date "2006.12.28"]
[Round "5"]
[White "Nguyen Huynh Minh H"]
[Black "Lo Kin Mun,D"]
[Result "1-0"]
[WhiteElo "2395"]
[BlackElo "2034"]

1.d4 Nf6 2.Nf3 g6 3.c4 Bg7 4.Nc3 O-O 5.e4 d6 6.Be2 e5 7.Be3 Ng4 8.Bg5 f6
9.Bc1 f5 10.Bg5 Qe8 11.dxe5 Nxe5 12.Nxe5 Qxe5 13.exf5 Bxf5 14.Be3 Na6 15.O-O Rae8
16.Rc1 Nc5 17.b3 Ne4 18.Nb5 Rf7 19.Bf3 a6 20.Bd4 Qf4 21.Be3 Qe5 22.Nd4 Rfe7
23.Nxf5 Qxf5 24.Qc2 Qf8 25.Rcd1 b6 26.Rfe1 Nc5 27.Re2 Kh8 28.Rde1 a5 29.h3 Qf6
30.Bc6 Rf8 31.Qd2 Qc3 32.Qd1 Ref7 33.Bd5 Rf5 34.g4 Re5 35.Rc2 Qd3 36.Rd2 Qc3
37.Kg2 Re7 38.Rc2 Qf6 39.Rce2 Rxe3 40.Rxe3 Qxf2+ 41.Kh1 Be5 42.Qe2 Kg7 43.Bg2 Qf4
44.Bc6 Ne6 45.Rf3 Qh6 46.Qf1 Nf4 47.Re4 Nxh3 48.Qxh3 Qc1+ 49.Kg2 Qd2+ 50.Kf1 Qd3+
51.Re2 Qd1+ 52.Re1 Qd3+ 53.Kg1 Bd4+ 54.Kh1  1-0

[Event "Masters"]
[Site "Singapore SIN"]
[Date "2006.12.28"]
[Round "6"]
[White "Gloria,E"]
[Black "Sitanggang,S"]
[Result "0-1"]
[WhiteElo "2292"]
[BlackElo "2423"]

1.d4 Nf6 2.c4 g6 3.Nc3 Bg7 4.e4 d6 5.Nf3 O-O 6.Be2 Na6 7.O-O e5 8.d5 Nc5
9.Nd2 a5 10.b3 Bd7 11.Rb1 c6 12.a3 cxd5 13.cxd5 Rc8 14.b4 Nd3 15.Bxd3 Rxc3
16.Be2 b5 17.bxa5 Qxa5 18.Rb4 Rfc8 19.Nb3 Qa7 20.Kh1 h6 21.Kg1 Kh7 22.Bd3 h5
23.Bb2 R3c7 24.h3 h4 25.Qf3 Nh5 26.Bxb5 Bxb5 27.Rxb5 Qa6 28.Ra5 Qb6 29.Rb1 Nf4
30.Ra4 Rc2 31.Rb4 Qa7 32.Na1 R2c7 33.Kh1 Bh6 34.Rf1 Qa6 35.Rd1 Kg8 36.Nb3 Rc2
37.Na1 R2c7 38.Kh2 Nh5 39.Kg1 Bf4 40.Rb3 Bg5 41.Bc3 Nf4 42.Bb2 Nh5 43.Bc3 Rc4
44.Bb4 Nf6 45.Re1 Rd4 46.Rc3 Rxc3 47.Bxc3 Rd3 48.Qe2 Nxe4 49.Bb4 f5 50.Rd1 Rxa3
51.Qxa6 Rxa6 52.Nc2  0-1

[Event "27th Open A"]
[Site "Bethune FRA"]
[Date "2006.12.29"]
[Round "7"]
[White "Feller,S"]
[Black "Degraeve,JM"]
[Result "1/2-1/2"]
[WhiteElo "2424"]
[BlackElo "2551"]

1.Nf3 Nf6 2.c4 g6 3.Nc3 Bg7 4.e4 d6 5.d4 O-O 6.Be2 e5 7.O-O exd4 8.Nxd4 Re8
9.f3 Nc6 10.Be3 Nh5 11.Qd2 Nf4 12.Nxc6 Nxe2+ 13.Nxe2 bxc6 14.Bd4 f6 15.Rfd1 Qe7
16.Re1 Qf7 17.c5 Be6 18.Nc3 Rad8 19.Qf2 d5 20.exd5 Bxd5  1/2-1/2

[Event "Steinhart Mem"]
[Site "Herzeliya ISR"]
[Date "2006.12.29"]
[Round "6"]
[White "Bykhovsky,Av"]
[Black "Caspi,I"]
[Result "0-1"]
[WhiteElo "2458"]
[BlackElo "2359"]

1.d4 Nf6 2.c4 g6 3.Nc3 Bg7 4.e4 d6 5.Be2 O-O 6.Nf3 e5 7.d5 a5 8.Nd2 Na6 9.h4 Nc5
10.h5 c6 11.h6 Bh8 12.f3 Nh5 13.Nf1 Nf4 14.g3 Nxe2 15.Qxe2 f5 16.Be3 fxe4
17.fxe4 Bf6 18.Rd1 Bd7 19.dxc6 bxc6 20.Bxc5 dxc5 21.Na4 Qe7 22.Nd2 Be6 23.Nb3 Qf7
24.Rc1 Bg5 25.Rc2 Qf3 26.Qxf3 Rxf3 27.Nbxc5 Bg4 28.Rc3 Raf8 29.Rxf3 Rxf3
30.Nb3 Re3+ 31.Kf1 Re2 32.Nxa5 Be3 33.Nxc6 Rf2+ 34.Ke1 Rc2  0-1

[Event "16th North American Open"]
[Site "Las Vegas USA"]
[Date "2006.12.29"]
[Round "6"]
[White "Sharavdorj,D"]
[Black "Yanayt,E"]
[Result "1/2-1/2"]
[WhiteElo "2463"]
[BlackElo "2261"]

1.d4 Nf6 2.c4 g6 3.Nc3 Bg7 4.e4 d6 5.Nf3 O-O 6.Be2 e5 7.Be3 Na6 8.O-O Ng4
9.Bg5 Qe8 10.dxe5 dxe5 11.h3 f6 12.Bd2 Nh6 13.c5 Nxc5 14.Qc1 Nf7 15.Nd5 Ne6
16.Nxc7 Nxc7 17.Qxc7 Nd8 18.Rfc1 Be6 19.b4 Rf7 20.Qc3 Bf8 21.Qb2 Rd7 22.Be3 a6
23.b5 Nf7 24.bxa6 bxa6 25.Nd2 Nd6 26.Rc6 a5 27.a4 Rb7 28.Qc2 Rb4 29.Rc7 Rc8
30.Rxc8 Qxc8 31.Qd3 Qc6 32.Qa6 Qxa6 33.Bxa6 Nxe4 34.Nxe4 Rxe4 35.Bb5 f5 36.Rc1 f4
37.Bb6 Bb4 38.f3 Re1+ 39.Rxe1 Bxe1 40.Kf1 Bc3 41.Ke2 Bf5 42.Bd3 Kf7 43.Bxf5 gxf5
44.Kd3 Bb4 45.Bc7 Ke6 46.Kc4 Bd2 47.Kd3 Be1 48.Kc4 Bb4 49.Bb8 Bd6 50.Ba7 Bc7
51.Bf2 e4 52.Be1 e3 53.Bc3 Kd6 54.Be1 Bb6 55.Bc3 Kc6 56.Kd3 Kd5  1/2-1/2

[Event "Czech Christmas"]
[Site "Litomysl CZE"]
[Date "2006.12.31"]
[Round "8"]
[White "Plischki,S"]
[Black "Cerveny,P"]
[Result "1-0"]
[WhiteElo "2389"]
[BlackElo "2286"]

1.d4 Nf6 2.c4 g6 3.Nc3 Bg7 4.e4 d6 5.Nf3 O-O 6.Be2 e5 7.Be3 Nbd7 8.O-O c6
9.d5 c5 10.Bg5 h6 11.Bh4 a6 12.Nd2 Qe8 13.a3 Nh7 14.b4 h5 15.f3 Bh6 16.Kh1 Be3
17.Rb1 Kh8 18.Nb3 b6 19.bxc5 Nxc5 20.Nxc5 bxc5 21.Qa4 Bd2 22.Qxe8 Rxe8 23.Na4 Ba5
24.Be1 Bc7 25.Bd2 Nf8 26.Rb2 Nd7 27.Rfb1 Kg7 28.Bd3 f6 29.g3 Kf7 30.Kg2 Ke7
31.h4 Rh8 32.Rb3 Kd8 33.Nb2 Rb8 34.Rxb8 Nxb8 35.Nd1 Nd7 36.Ne3 Nf8 37.f4 Nh7
38.Rh1 Ke7 39.f5 Nf8 40.fxg6 Nxg6 41.Rb1 Kf7 42.Kf3 Ne7 43.Kg2 Ng6 44.Kh2 Ke7
45.Bf1 Rf8 46.Bh3 Bxh3 47.Kxh3 Rb8 48.Nf5+ Kf7 49.Rxb8 Bxb8 50.g4 hxg4+ 51.Kxg4 Bc7
52.h5 Nf8 53.Nh6+ Kg7 54.Kf5 Bd8 55.Ng4 Kf7 56.Ne3 Nd7 57.Nc2 Bc7 58.h6 Nf8
59.Ne3 Bd8 60.Kg4 Kg6 61.Nf5 Bc7 62.Nh4+ Kh7 63.Kh5 Nd7 64.Nf5 Nb6 65.Ba5 Nxd5
66.exd5 Bxa5 67.Nxd6 Bb6 68.Nf5  1-0

[Event "49th It"]
[Site "Reggio Emilia ITA"]
[Date "2006.12.31"]
[Round "2"]
[White "Landa,K"]
[Black "Mogranzini,R"]
[Result "1-0"]
[WhiteElo "2570"]
[BlackElo "2401"]

1.Nf3 Nf6 2.c4 g6 3.Nc3 Bg7 4.e4 d6 5.d4 O-O 6.Be2 Na6 7.O-O e5 8.Be3 Ng4
9.Bg5 Qe8 10.c5 h6 11.Bh4 exd4 12.Nxd4 dxc5 13.Nb3 Qe6 14.Nd5 g5 15.Bg3 c6
16.h3 Ne5 17.f4 cxd5 18.exd5 Qd6 19.fxe5 Bxe5 20.Bxe5 Qxe5 21.Bxa6 bxa6 22.Re1 Qd6
23.Na5 Bxh3 24.Qf3 Bd7 25.Nc4 Qf4 26.Qxf4 gxf4 27.Re4 Bb5 28.Rxf4 Rad8 29.Rd1 Bxc4
30.Rxc4 Rd6 31.Rxc5 Rfd8 32.Kf2 Kf8 33.Ke3 Rb6 34.b3 Ke7 35.Rc7+ Rd7 36.Rxd7+ Kxd7
37.Rf1 Kd6 38.Rxf7 Kxd5 39.Rxa7 Rg6 40.Kf3 Kd4 41.Rf7 Kc3 42.Rf4 Kb2 43.Ra4 Rf6+
44.Kg4 Rg6+ 45.Kh3 Rd6 46.Kh4 Re6 47.g4 Rd6 48.Kh5 Re6 49.Kh4 Rg6 50.Ra5 Rd6
51.b4 Rb6 52.a4 Kc3 53.b5 axb5 54.Rxb5 Ra6 55.a5 Kd4 56.Kh5 Kc4 57.Rb6 Rxa5+
58.Kxh6 Kd4 59.g5 Ke4 60.Rf6 Ke5 61.Rf2  1-0

[Event "Petrovskaya Ladya GM"]
[Site "Peterhof RUS"]
[Date "2007.01.03"]
[Round "1"]
[White "Shimanov,A"]
[Black "Gorovykh,E"]
[Result "0-1"]
[WhiteElo "2419"]
[BlackElo "2381"]

1.Nf3 Nf6 2.c4 g6 3.Nc3 Bg7 4.e4 O-O 5.d4 d6 6.Be2 e5 7.Be3 Nbd7 8.d5 Ng4
9.Bg5 f6 10.Bh4 g5 11.Bg3 Nh6 12.Nd2 f5 13.exf5 Nf6 14.Nde4 Nxe4 15.Nxe4 Bxf5
16.Bd3 Bxe4 17.Bxe4 Nf5 18.Bxf5 Rxf5 19.Qg4 Qf6 20.h4 gxh4 21.Qxh4 Qg6 22.O-O-O Rg5
23.b3 e4 24.Rde1 Re8 25.Qf4 Be5 26.Qe3 Bxg3 27.fxg3 Rxg3 28.Qxa7 Qf6 29.Kb1 Rxg2
30.Qa3 Qf2 31.Rhf1 Qc2+ 32.Ka1 Rf8 33.Rh1 Qc3+ 34.Kb1 Rff2 35.Qa8+ Kg7  0-1

[Event "Open"]
[Site "Verona ITA"]
[Date "2007.01.03"]
[Round "1"]
[White "Stojanovic,Mih"]
[Black "Capitelli,P"]
[Result "1-0"]
[WhiteElo "2576"]
[BlackElo "2155"]

1.Nf3 Nf6 2.c4 g6 3.Nc3 Bg7 4.e4 d6 5.d4 O-O 6.Be2 e5 7.Be3 Ng4 8.Bg5 f6
9.Bc1 Nc6 10.d5 Ne7 11.h3 Nh6 12.h4 Nf7 13.h5 g5 14.Be3 c5 15.a3 h6 16.Nd2 f5
17.f3 Bd7 18.g4 f4 19.Bf2 a6 20.O-O Qc7 21.Bd3 Rfb8 22.b4 b6 23.Qe2 Kh8 24.Rfb1 Ng8
25.Rb3 Nf6 26.Nf1 Bf8 27.Rab1 Be7 28.Nh2 Qc8 29.R3b2 Bd8 30.Bc2 cxb4 31.axb4 a5
32.Ba4 Bxa4 33.Nxa4 Qd7 34.Qc2 Bc7 35.bxa5 bxa5 36.c5 Qd8 37.c6 Rxb2 38.Rxb2 Rb8
39.Rxb8 Qxb8 40.Qb2 Qb4 41.Qxb4 axb4 42.Kf1 Kg8 43.Ke2 Kf8 44.Kd3 Ke7 45.Kc4 b3
46.Kxb3 Ba5 47.Kc4 Kd8 48.Kb5 Bc7 49.Nf1 Kc8 50.Nd2 Kb8 51.Nc4 Nd8 52.Ka6 Ne8
53.Nc3 Nf6 54.Nb5 Ne8 55.Bb6 Nf7 56.Bxc7+ Nxc7+ 57.Nxc7 Kxc7 58.Na3 Kc8 59.Nb5 Nd8
60.Kb6  1-0

[Event "Petrovskaya Ladya IM"]
[Site "Peterhof RUS"]
[Date "2007.01.04"]
[Round "2"]
[White "Kaliberda,V"]
[Black "Levin,Ev"]
[Result "1/2-1/2"]
[WhiteElo "2354"]
[BlackElo "2393"]

1.d4 Nf6 2.Nf3 g6 3.c4 Bg7 4.Nc3 d6 5.e4 O-O 6.Be2 e5 7.O-O Na6 8.Be3 Ng4
9.Bg5 Qe8 10.h3 f6 11.Bc1 Nh6 12.Be3 Nf7 13.dxe5 dxe5 14.b4 Nxb4 15.Bc5 Na6
16.Bxf8 Bxf8 17.Nd2 c6 18.Rb1 Nc5 19.Nb3 Ne6 20.Re1 Bb4 21.Qc2 a5 22.Red1 a4
23.Nc1  1/2-1/2

[Event "Petrovskaya Ladya IM"]
[Site "Peterhof RUS"]
[Date "2007.01.05"]
[Round "4"]
[White "Khamidulin,V"]
[Black "Levin,Ev"]
[Result "1/2-1/2"]
[WhiteElo "2220"]
[BlackElo "2393"]

1.d4 Nf6 2.c4 g6 3.Nc3 Bg7 4.e4 d6 5.Be2 O-O 6.Nf3 e5 7.O-O Na6 8.Re1 c6
9.Bf1 Bg4 10.Be3 Nh5 11.d5 c5 12.h3 Bd7 13.Rb1 Qe8 14.Nb5 Qe7 15.a3 f5 16.exf5 Bxf5
17.Rc1 Nf6 18.Ng5 Nc7 19.Nc3 h6 20.Nf3 b6 21.b4 Qd8 22.Nd2 g5 23.f3 Qe8 24.Nde4 Nxe4
25.Nxe4 Bxe4 26.fxe4 Qg6 27.Qg4 Rf7  1/2-1/2

[Event "13th Festival A"]
[Site "Zupanja CRO"]
[Date "2007.01.05"]
[Round "3"]
[White "Saric,A"]
[Black "Arsovic,Z"]
[Result "1/2-1/2"]
[WhiteElo "2501"]
[BlackElo "2457"]

1.d4 Nf6 2.c4 g6 3.Nc3 Bg7 4.e4 d6 5.Nf3 O-O 6.Be2 Nbd7 7.O-O e5 8.Re1 c6
9.Bf1 Qb6 10.Rb1 exd4 11.Nxd4 Ng4 12.Qxg4 Bxd4 13.Be3 Bxe3 14.Rxe3 Ne5 15.Qd1 Be6
16.b3 Rad8 17.h3 f6 18.Qd2 g5 19.Rd1 a6 20.Ne2  1/2-1/2

[Event "Petrovskaya Ladya GM"]
[Site "Peterhof RUS"]
[Date "2007.01.06"]
[Round "5"]
[White "Yevseev,D"]
[Black "Gorovykh,E"]
[Result "1-0"]
[WhiteElo "2522"]
[BlackElo "2381"]

1.d4 Nf6 2.c4 g6 3.Nc3 Bg7 4.e4 O-O 5.Nf3 d6 6.Be2 e5 7.Be3 Nbd7 8.O-O c6
9.Qc2 Qe7 10.Rad1 h6 11.h3 exd4 12.Bxd4 Re8 13.Rfe1 c5 14.Be3 Nxe4 15.Nb5 Ndf6
16.Bf4 a6 17.Nxd6 Nxd6 18.Bxd6 Qe4 19.Qb3 Be6 20.Ne5 Rad8 21.Bf3 Qh4 22.Qxb7 Nd7
23.Nc6 Ra8 24.Rxe6  1-0

[Event "Petrovskaya Ladya IM"]
[Site "Peterhof RUS"]
[Date "2007.01.06"]
[Round "5"]
[White "Kuznetsov,G"]
[Black "Markosian,D"]
[Result "0-1"]
[WhiteElo "2097"]
[BlackElo "2336"]

1.Nf3 Nf6 2.c4 g6 3.Nc3 Bg7 4.e4 d6 5.d4 O-O 6.Be2 e5 7.dxe5 dxe5 8.Qxd8 Rxd8
9.Bg5 Nbd7 10.O-O-O Rf8 11.Nd2 c6 12.Be3 Re8 13.h3 Bf8 14.Nb3 a5 15.a4 Bb4
16.f3 Nh5 17.Bf2 Nf4 18.Bf1 Ne6 19.Kc2 Ndc5 20.Nxc5 Bxc5 21.Bxc5 Nxc5 22.b3 Be6
23.Be2 Rad8 24.Rxd8 Rxd8 25.Rd1 Re8 26.Rd2 Kf8 27.Bd1 Ke7 28.Kb2 h5 29.h4 f5
30.Bc2 Rg8 31.Re2 f4 32.g3 fxg3 33.Rg2 g5 34.Rxg3 gxh4 35.Rxg8 Bxg8  0-1

[Event "Australian Open"]
[Site "Tuggeranong AUS"]
[Date "2007.01.07"]
[Round "9"]
[White "Smirnov,Vl1"]
[Black "Bennett,H"]
[Result "1-0"]
[WhiteElo "2281"]
[BlackElo "2104"]

1.Nf3 Nf6 2.d4 d6 3.c4 g6 4.Nc3 Bg7 5.e4 O-O 6.Be2 e5 7.O-O Na6 8.Be3 Ng4
9.Bg5 Qe8 10.h3 exd4 11.Nd5 f6 12.Bf4 Ne5 13.Nxd4 c6 14.Nc3 Nc5 15.Qd2 Ne6
16.Be3 Nxd4 17.Bxd4 Be6 18.b3 Nf7 19.Rad1 Bh6 20.Qb2 f5 21.c5 f4 22.f3 Qd8
23.Bc4 d5 24.exd5 cxd5 25.Nxd5 Bxd5 26.Bf6 Qc7 27.Rxd5 b5 28.Bxb5 Rad8 29.Bxd8 Rxd8
30.Rfd1 Bg7 31.Qd2 Bf8 32.Rxd8 Nxd8 33.Qxd8 Qxc5+ 34.Kh1 Qxb5 35.Qd5+  1-0

[Event "Petrovskaya Ladya Open"]
[Site "Peterhof RUS"]
[Date "2007.01.08"]
[Round "6"]
[White "Hylapov,Va"]
[Black "Gantsevich,A"]
[Result "0-1"]
[WhiteElo "2074"]
[BlackElo "1990"]

1.d4 Nf6 2.c4 g6 3.Nc3 Bg7 4.e4 d6 5.Nf3 O-O 6.Be2 e5 7.d5 Nbd7 8.h3 Nc5
9.Qc2 a5 10.Be3 Nh5 11.Qd2 Nf4 12.Bxf4 exf4 13.Nd4 Qe7 14.Bf3 f5 15.O-O-O fxe4
16.Rhe1 e3 17.fxe3 fxe3 18.Rxe3 Qh4 19.Qe1 Qf4 20.g3 Qf6 21.Kb1 Bxh3 22.Ka1 Bd7
23.Ne6 Nxe6 24.dxe6 Bc6 25.e7 Rfe8 26.Bg4 Bh6 27.Re6 Qg7 28.c5 Bg5 29.cxd6 cxd6
30.Rdxd6 Rxe7 31.Rxe7 Qxe7 32.Be6+ Kh8 33.a3 Qxd6  0-1

[Event "Keres Mem A"]
[Site "Tallinn EST"]
[Date "2007.01.08"]
[Round "4"]
[White "Ivanov,Sergey1"]
[Black "Sepp,O"]
[Result "1/2-1/2"]
[WhiteElo "2534"]
[BlackElo "2458"]

1.d4 Nf6 2.c4 g6 3.Nc3 Bg7 4.e4 d6 5.Nf3 O-O 6.Be2 e5 7.O-O Na6 8.Be3 Ng4
9.Bg5 Qe8 10.c5 h6 11.Bh4 g5 12.Bg3 exd4 13.Nxd4 dxc5 14.Nf5 Bxf5 15.exf5 Nf6
16.Bxa6 bxa6 17.Qf3 Qb8 18.b3 Re8 19.Rac1 Qb4 20.Nd5 Nxd5 21.Qxd5 Bd4 22.Bxc7 Qd2
23.Qc6 Kg7 24.Qxa6 Re2 25.Bg3 Qxa2 26.f6+ Bxf6 27.Qxa2 Rxa2 28.Rxc5 Rd8 29.h4 Rd3
30.hxg5 hxg5 31.b4 Rxg3  1/2-1/2

[Event "TCh-NOR 2006-7"]
[Site "Oslo NOR"]
[Date "2007.01.12"]
[Round "4"]
[White "Harestad,H"]
[Black "Gullaksen,E"]
[Result "0-1"]
[WhiteElo "2236"]
[BlackElo "2412"]

1.d4 Nf6 2.c4 g6 3.Nc3 Bg7 4.e4 d6 5.Nf3 O-O 6.Be2 e5 7.O-O Na6 8.Be3 Ng4
9.Bg5 Qe8 10.h3 h6 11.Bc1 exd4 12.Nxd4 Nf6 13.Bf3 Nh7 14.Be3 Ng5 15.Re1 Nc5
16.Ndb5 Qd8 17.Bd4 a6 18.Bxg7 Kxg7 19.Nd4 Re8 20.Nb3 Nce6 21.Be2 Nf4 22.Bf1 Qf6
23.h4 Nfh3+ 24.gxh3 Nf3+ 25.Kg2 Bxh3+ 26.Kg3 Qxh4+ 27.Kxf3 Bg4+ 28.Kg2 Bxd1
29.Raxd1 Qg4+ 30.Kh2 Re5 31.Re3 Rg5 32.Rg3 Qf4 33.Kg2 Re8 34.Bd3 c6 35.Re1 b5
36.Ne2 Qe5 37.Nc3 b4 38.Nd1 a5 39.Re3 a4 40.Nd2 Rxg3+ 41.Rxg3 d5 42.cxd5 cxd5
43.Nf3 Qf4 44.exd5 Qc1 45.Ne3 Rxe3 46.fxe3 Qxb2+ 47.Kh3 Qc3 48.Bb5 b3 49.axb3 axb3
50.d6 b2 51.Rg1 Qxe3 52.Kg2 Qxg1+ 53.Nxg1 b1=Q 54.d7 Qd1  0-1

[Event "TCh-NOR 2006-7"]
[Site "Oslo NOR"]
[Date "2007.01.12"]
[Round "4"]
[White "Hammer,J"]
[Black "Gudbrandsen,G"]
[Result "1/2-1/2"]
[WhiteElo "2360"]
[BlackElo "2280"]

1.Nf3 Nf6 2.c4 g6 3.Nc3 Bg7 4.d4 O-O 5.e4 d6 6.Be2 e5 7.O-O Na6 8.Be3 Ng4
9.Bg5 f6 10.Bh4 c6 11.a3 Nh6 12.h3 Nf7 13.b4 Nc7 14.dxe5 dxe5 15.Qxd8 Rxd8
16.Rfd1 Be6 17.c5 g5 18.Bg3 a5 19.Rdb1 Bf8 20.Kf1 Ra7 21.Ne1 Rd2 22.f3 axb4
23.axb4 Rxa1 24.Rxa1 Rb2 25.Rb1 Rxb1 26.Nxb1 Na6 27.Nc2 Bb3 28.Nba3 Nd8 29.Bc4+ Bxc4+
30.Nxc4 Kf7 31.Ke2 Ke8 32.Bf2 Kd7 33.Na5 Kc7 34.Kd3 Ne6 35.Be3 h5 36.g3 Nb8
37.Ne1 Nd7 38.Nc4 Be7 39.Ng2 Kc8 40.Kc3 Ng7 41.Bf2 Nf8 42.Nce3 Nfe6 43.Nf5 Nxf5
44.exf5 Nc7 45.Kc4 Nd5 46.h4 gxh4 47.Nxh4 b5+ 48.cxb6 Bxb4 49.Ng6 Kb7 50.g4 hxg4
51.fxg4 Bd6 52.Bc5 Nxb6+ 53.Bxb6 Kxb6 54.Nh8 Kc7 55.Nf7 Be7 56.g5 fxg5 57.Nxe5 Kd6
58.Nf7+ Kd7 59.Ne5+ Kc7 60.Kd3 Kd6 61.Ke4 Bf6 62.Nc4+ Ke7 63.Na5 c5 64.Nc4 Bd4
65.Nb6 Kf7  1/2-1/2